tous les drapeaux du mondes (pays, territoires, ...) - Statistiques

Statistiques générales
  • Ce quiz a été pris 430 fois
    391 depuis la dernière actualisation
  • Le résultat moyen est 147 sur 260
Statistiques - réponses
Par images Réponse % Correct
Corée du Sud
100%
Japon
100%
Chine
98%
Inde
95%
Népal
93%
Corée du Nord
92%
Israël
92%
Vietnam
92%
Turquie
91%
Chypre
90%
Liban
90%
Thaïlande
89%
Pakistan
88%
Arabie saoudite
87%
Géorgie
87%
Qatar
87%
Cambodge
86%
Iran
86%
Australie
85%
Bangladesh
85%
Indonésie
85%
Irak
85%
Sri Lanka
85%
Kazakhstan
84%
Laos
84%
Maroc
84%
Algérie
83%
Bhoutan
83%
Nouvelle-Zélande
83%
Arménie
82%
Philippines
82%
Singapour
82%
Tunisie
82%
Espagne
81%
France
81%
Malaisie
81%
Portugal
81%
Royaume-Uni
81%
Allemagne
80%
Belgique
80%
Brésil
80%
Irlande
80%
Italie
80%
Suède
80%
Suisse
80%
Afrique du Sud
79%
Argentine
79%
Canada
79%
Etats-Unis
79%
Finlande
79%
Grèce
79%
Jordanie
79%
Mexique
79%
Albanie
78%
Egypte
78%
Jamaïque
78%
Norvège
78%
Ouzbékistan
77%
Pays-Bas
77%
Roumanie
77%
Croatie
76%
Danemark
76%
Luxembourg
76%
Monaco
76%
Russie
76%
Ukraine
76%
Côte d'Ivoire
75%
Mayotte
75%
Mongolie
75%
Pologne
75%
Sénégal
75%
Syrie
75%
Venezuela
75%
Colombie
74%
Emirats arabes unis
74%
Kenya
74%
Macédoine du Nord
74%
Uruguay
74%
Chili
73%
Cuba
73%
Estonie
73%
Islande
73%
Pérou
73%
Autriche
72%
Slovaquie
72%
Vatican
72%
Azerbaidjan
71%
Equateur
71%
Kosovo
71%
Nigéria
71%
République Tchèque
71%
Slovénie
71%
Turkménistan
71%
Bulgarie
70%
Hongrie
70%
Oman
70%
République Démocratique du Congo
70%
Serbie
70%
Palestine
69%
Paraguay
69%
Andorre
68%
Lettonie
68%
Malte
68%
Panama
68%
Saint-Marin
68%
Bielorussie
67%
Birmanie
67%
Koweït
67%
Lituanie
67%
Seychelles
67%
Yémen
67%
Angola
66%
Bahrein
66%
Cameroun
66%
Kirghizistan
66%
Mali
66%
Moldavie
66%
Somalie
66%
Bosnie-Herzégovine
65%
Brunei
65%
Ethiopie
65%
Monténégro
65%
Tadjikistan
65%
Afghanistan
64%
Madagascar
64%
Ouganda
64%
Taïwan
64%
Costa Rica
63%
Fidji
63%
Honduras
63%
Liechtenstein
63%
Papouasie-Nouvelle-Guinée
63%
Tchad
63%
Bolivie
62%
Haïti
62%
Maldives
62%
Mauritanie
62%
Libéria
61%
Mozambique
61%
Niger
61%
Palaos
61%
République du Congo
61%
Ghana
60%
Libye
60%
République dominicaine
60%
Suriname
60%
Barbade
59%
Burkina Faso
59%
Cap-Vert
59%
Comores
59%
Guatemala
59%
République centrafricaine
59%
Tanzanie
59%
Togo
59%
Micronésie
58%
Timor Oriental
58%
Bénin
57%
Gabon
57%
Salvador
57%
Nicaragua
56%
Tonga
56%
Zimbabwe
56%
Guyana
55%
Kiribati
55%
Lesotho
55%
Sainte-Lucie
55%
Bahamas
54%
Botswana
54%
Burundi
54%
Hong Kong
54%
Soudan
54%
Zambie
54%
Erythrée
53%
Eswatini
53%
Groenland
53%
Guinée
53%
Iles Marshall
53%
Réunion
53%
Sierra Leone
53%
Bélize
52%
Djibouti
51%
Grenade
51%
Maurice
51%
Rwanda
51%
Dominique
50%
Gambie
50%
Guinée-Bissau
50%
Malawi
50%
Saint-Vincent-et-les-Grenadines
50%
Soudan du Sud
50%
Guinée équatoriale
49%
Namibie
49%
Samoa
49%
Vanuatu
49%
Nauru
47%
Trinité-et-Tobago
47%
Antigua-et-Barbuda
46%
Tuvalu
43%
Iles Salomon
42%
Saint-Christophe-et-Nièves
42%
São-Tomé-et-Principe
42%
Porto Rico
40%
Gibraltar
37%
Nouvelle Calédonie
36%
Guam
35%
Martinique
34%
Macao
33%
Guadeloupe
32%
Guyane
29%
Man
28%
Jersey
27%
Chypre du Nord
26%
Polynésie française
25%
Iles Féroé
23%
Sahara occidental
23%
Guernesey
22%
Curaçao
21%
Iles Cook
21%
Samoa américaine
20%
Wallis-et-Futuna
19%
Transnistrie
17%
Aruba
16%
Niué
15%
Ossétie du Sud
15%
Somaliland
15%
Bermudes
14%
Saint-Pierre-et-Miquelon
14%
Abkhazie
12%
Aland
12%
Anguilla
12%
Iles Vierges britannique
12%
Saint-Martin
12%
Açores
11%
Bonaire
11%
Ile Christmas
11%
Iles Pitcairn
11%
Ile de Pâques
10%
Iles Caïmans
10%
Iles Norfolk
10%
Saint-Barthélemy
10%
Tokelau
10%
Ile Cocos
9%
Iles Canaries
9%
Saba
9%
Saint-Eustache
9%
Iles Mariannes du Nord
8%
Iles Turques-et-Caiques
8%
Montserrat
8%
Saint-Hélène
8%
Iles Falkland
7%
Iles Vierges des Etats-Unis
7%
Madère
7%
Ascension
6%
Tristan da Cunha
5%
Iles Wake
4%
Svalbard
4%
Atoll Johnston
3%
Géorgie-du-Sud-et-les-Iles-Sandwich-du-Sud
1%
Akrotiri et Dhekelia
0%
San Andrés
0%
Aucun quiz correspondant
Distribution des résultats
% des personnes avec chaque résultat
Percentile par nombre de réponses
Votre historique - résultats
Vous n’avez pas pris ce quiz depuis la dernière actualisation